Polskie ligi w sezonie 22/23 - Statystyki

Ogólne statystyki
  • Ten quiz został rozwiązany 48 razy
  • Średni wynik to 15 z 31
Statystyki odpowiedzi
Hint Odpowiedź % Poprawnych
Puchar Polski Legia Warszawa
98%
Eliminacje Ligi Konferencji Legia Warszawa
98%
Eliminacje Ligi Mistrzów Raków Częstochowa
95%
Lech Poznań
90%
Wisła Kraków
90%
Pogoń Szczecin
76%
Awans do Ekstraklasy ŁKS Łódź
73%
Ruch Chorzów
73%
Puszcza Niepołomice
71%
Spadek z Ekstraklasy Wisła Płock
71%
Lechia Gdańsk
68%
Miedź Legnica
51%
Motor Lublin
49%
Sandecja Nowy Sącz
46%
Baraże do Ekstraklasy Bruk-Bet Termalica Nieciecza
41%
Chojniczanka Chojnice
41%
Awans do 1 Ligi Polonia Warszawa
41%
Spadek z 1 Ligi Skra Częstochowa
37%
Stal Rzeszów
37%
Baraże do 1 Ligi Kotwica Kołobrzeg
34%
Polonia Bytom
32%
Stomil Olsztyn
32%
Znicz Pruszków
27%
Stal Stalowa Wola
24%
Garbarnia Kraków
20%
Spadek z 2 Ligi Górnik Polkowice
20%
Śląsk Wrocław 2
17%
Olimpia Grudziądz
15%
Wisła Puławy
15%
Siarka Tarnobrzeg
12%
Awans do 2 Ligi ŁKS Łódź 2
10%
Nie znaleziono quizów pasujących do podanych kryteriów
Rozkład punktacji
Procent ludzi z każdym wynikiem
Percentyl według liczby udzielonych odpowiedzi
Twoja historia wyników
Nie rozwiązałeś tego quizu